[Event "11. Magistral República -Villa Martelli"]
[Site "Villa Martelli ARG"]
[Date "2007.07.23"]
[Round "1.1"]
[White "Oliveira, Silvio Eduardo"]
[Black "Ripari, Marcelo"]
[Result "1/2-1/2"]
[WhiteElo "2261"]
[BlackElo "2350"]
[PlyCount "67"]
[EventDate "2007.07.23"]
[EventType "tourn"]
[EventRounds "9"]
[EventCountry "ARG"]
[EventCategory "2"]
[Source "lmi"]
[SourceDate "2007.07.23"]

1. e4 c5 2. Nf3 e6 3. d4 cxd4 4. Nxd4 Nf6 5. Nc3 Nc6 6. Ndb5 Bb4 7. a3 Bxc3+ 8.
Nxc3 d5 9. Bd3 Ne5 10. Be2 Nc6 11. exd5 Nxd5 12. Nxd5 exd5 13. O-O O-O 14. Bd3
Re8 15. Qh5 g6 16. Qh6 Ne5 17. Bb5 Bd7 18. Bg5 f6 19. Bxd7 Nxd7 20. Be3 Qe7 21.
Rad1 Qf7 22. Qf4 Ne5 23. Qd4 Red8 24. Rfe1 Nc6 25. Qa4 Rac8 26. c3 b6 27. Re2
Na5 28. Bd4 Re8 29. Rxe8+ Rxe8 30. Bxf6 Nc4 31. Qc6 Re6 32. Qc8+ Re8 33. Qc6
Re6 34. Qc8+ 1/2-1/2

[Event "11. Magistral República -Villa Martelli"]
[Site "Villa Martelli ARG"]
[Date "2007.07.24"]
[Round "1.3"]
[White "Aguilar, Andres"]
[Black "Gattass, Allan"]
[Result "1/2-1/2"]
[WhiteElo "2264"]
[BlackElo "2203"]
[PlyCount "74"]
[EventDate "2007.07.23"]
[EventType "tourn"]
[EventRounds "9"]
[EventCountry "ARG"]
[EventCategory "2"]
[Source "lmi"]
[SourceDate "2007.07.23"]

1. e4 c5 2. Nf3 d6 3. d4 cxd4 4. Nxd4 Nf6 5. Nc3 a6 6. Bc4 g6 7. f3 Bg7 8. Be3
b5 9. Bb3 Nbd7 10. Qd2 Ne5 11. O-O-O O-O 12. h4 a5 13. Ndxb5 a4 14. Nxa4 Rxa4
15. Bxa4 Nc4 16. Qd3 Be6 17. Bb3 Qc8 18. Nd4 Nd7 19. c3 Nc5 20. Qe2 Bxd4 21.
Rxd4 Nxb3+ 22. axb3 Na5 23. Rb4 Nxb3+ 24. Kc2 Qa8 25. Qb5 Na1+ 26. Kd2 Qa2 27.
c4 Ra8 28. h5 f6 29. Rc1 Kf7 30. Kc3 Ra5 31. hxg6+ hxg6 32. Qb6 Ra8 33. Rh1 Rc8
34. Qb5 Ra8 35. Rh7+ Kg8 36. Rxe7 Qb1 37. Re8+ Kg7 1/2-1/2

[Event "11. Magistral República -Villa Martelli"]
[Site "Villa Martelli ARG"]
[Date "2007.07.23"]
[Round "1.4"]
[White "Larrea, Manuel"]
[Black "Barrionuevo, Pablo"]
[Result "1/2-1/2"]
[WhiteElo "2324"]
[BlackElo "2288"]
[PlyCount "105"]
[EventDate "2007.07.23"]
[EventType "tourn"]
[EventRounds "9"]
[EventCountry "ARG"]
[EventCategory "2"]
[Source "lmi"]
[SourceDate "2007.07.23"]

1. e4 d6 2. d4 Nf6 3. Nc3 g6 4. Nf3 Bg7 5. h3 O-O 6. Be3 a6 7. a4 Nc6 8. Qd2 e5
9. dxe5 dxe5 10. O-O-O Qe7 11. Bc4 Rd8 12. Nd5 Nxd5 13. exd5 b5 14. Ba2 Nb4 15.
Bb3 bxa4 16. Bg5 Bf6 17. Bxf6 Qxf6 18. Qxb4 axb3 19. Qxb3 e4 20. Nd2 Qd4 21.
Nc4 Qxf2 22. g4 Bd7 23. Rhf1 Qh4 24. Nd2 Re8 25. Qe3 f5 26. g5 Qh5 27. Rh1 Rf8
28. Qf4 Rac8 29. Nc4 Qe2 30. b3 Bb5 31. Ne5 a5 32. Rd2 Qh5 33. c4 Be8 34. Rf2
Rb8 35. Ng4 Rf7 36. Nh6+ Kf8 37. Nxf7 Bxf7 38. Kc2 a4 39. bxa4 Rb4 40. Qxc7
Rxa4 41. Qd8+ Kg7 42. Kb3 e3 43. Qf6+ Kg8 44. Qd8+ Kg7 45. Rc2 Ra7 46. Qb6 Re7
47. Qf6+ Kf8 48. d6 Rb7+ 49. Kc3 Qf3 50. Qh8+ Bg8 51. Qf6+ Bf7 52. Qh8+ Bg8 53.
Qf6+ 1/2-1/2

[Event "11. Magistral República -Villa Martelli"]
[Site "Villa Martelli ARG"]
[Date "2007.07.23"]
[Round "1.5"]
[White "Della Morte, Pablo"]
[Black "Valiente, Cristobal"]
[Result "1/2-1/2"]
[WhiteElo "2283"]
[BlackElo "2280"]
[PlyCount "48"]
[EventDate "2007.07.23"]
[EventType "tourn"]
[EventRounds "9"]
[EventCountry "ARG"]
[EventCategory "2"]
[Source "lmi"]
[SourceDate "2007.07.23"]

1. e4 c5 2. Nf3 d6 3. d4 cxd4 4. Nxd4 Nf6 5. Nc3 a6 6. f4 g6 7. Nf3 Nc6 8. Bd3
Bg7 9. O-O O-O 10. Qe1 e6 11. Kh1 b5 12. a3 Nd7 13. Be3 Bb7 14. Rd1 Qe7 15. Bf2
Nc5 16. b4 Nxd3 17. cxd3 Rfc8 18. d4 Nd8 19. Rc1 Rc4 20. Nd2 Rc7 21. Bh4 Qd7
22. Nb3 Rac8 23. Rf2 f6 24. Rfc2 Nf7 1/2-1/2

[Event "11. Magistral República -Villa Martelli"]
[Site "Villa Martelli ARG"]
[Date "2007.07.24"]
[Round "2.1"]
[White "Ripari, Marcelo"]
[Black "Valiente, Cristobal"]
[Result "0-1"]
[WhiteElo "2350"]
[BlackElo "2280"]
[PlyCount "90"]
[EventDate "2007.07.23"]
[EventType "tourn"]
[EventRounds "9"]
[EventCountry "ARG"]
[EventCategory "2"]
[Source "lmi"]
[SourceDate "2007.07.23"]

1. e4 c5 2. Nf3 d6 3. d4 cxd4 4. Nxd4 Nf6 5. Nc3 a6 6. Be2 e6 7. O-O Be7 8. f4
O-O 9. Be3 Nc6 10. Qe1 Bd7 11. Qg3 Nxd4 12. Bxd4 Bc6 13. Bd3 b5 14. a3 Qd7 15.
Rae1 Rfe8 16. Kh1 g6 17. f5 Nh5 18. Qg4 exf5 19. exf5 Bf6 20. Bxf6 Rxe1 21.
Rxe1 Nxf6 22. Qd4 Kg7 23. fxg6 hxg6 24. Be4 Re8 25. Rf1 Re5 26. Bxc6 Qxc6 27.
Qf4 Rf5 28. Qc1 Qc5 29. Qe1 Qe5 30. h3 Rxf1+ 31. Qxf1 Nh5 32. Qf2 Ng3+ 33. Kg1
Nf5 34. Nd1 d5 35. g4 Nd6 36. Qe3 Kf6 37. Kg2 Qe4+ 38. Qxe4 dxe4 39. Kf1 Ke5
40. Ne3 f5 41. gxf5 gxf5 42. h4 f4 43. Ng4+ Kf5 44. Nh6+ Kg6 45. Ng4 Kh5 0-1

[Event "11. Magistral República -Villa Martelli"]
[Site "Villa Martelli ARG"]
[Date "2007.07.24"]
[Round "2.2"]
[White "Barrionuevo, Pablo"]
[Black "Della Morte, Pablo"]
[Result "1-0"]
[WhiteElo "2288"]
[BlackElo "2283"]
[PlyCount "103"]
[EventDate "2007.07.23"]
[EventType "tourn"]
[EventRounds "9"]
[EventCountry "ARG"]
[EventCategory "2"]
[Source "lmi"]
[SourceDate "2007.07.23"]

1. e4 c5 2. c3 e6 3. d4 d5 4. e5 Nc6 5. Nf3 Qb6 6. a3 Bd7 7. Be2 Nh6 8. b4 cxd4
9. cxd4 Nf5 10. Bb2 h5 11. O-O Rc8 12. Kh1 Be7 13. Nc3 g5 14. Na4 Qd8 15. Nc5
g4 16. Ne1 Bxc5 17. dxc5 Qg5 18. b5 Nce7 19. Rc1 g3 20. f4 Qg6 21. h3 Ne3 22.
Qd2 N7f5 23. Rf3 Ng4 24. c6 bxc6 25. bxc6 Rxc6 26. Rxc6 Bxc6 27. Qb4 Nf2+ 28.
Kg1 Kd7 29. Rc3 Rc8 30. Bb5 Ne7 31. Qd6+ Ke8 32. Rxc6 Nxc6 33. Bxc6+ Rxc6 34.
Qxc6+ Kf8 35. Qc2 Qh6 36. Bc1 Kg8 37. Nf3 Qf8 38. Ng5 Ne4 39. Nxe4 dxe4 40.
Qxe4 h4 41. Qd4 Qc8 42. Be3 Qc2 43. Qd2 Qa4 44. Bc5 Kh7 45. Qd3+ Kg7 46. Qf3 f5
47. exf6+ Kxf6 48. Qh5 Qc2 49. Qxh4+ Kf7 50. Qe7+ Kg8 51. Qxe6+ Kg7 52. Bd4+
1-0

[Event "11. Magistral República -Villa Martelli"]
[Site "Villa Martelli ARG"]
[Date "2007.07.24"]
[Round "2.3"]
[White "Gattass, Allan"]
[Black "Larrea, Manuel"]
[Result "0-1"]
[WhiteElo "2203"]
[BlackElo "2324"]
[PlyCount "120"]
[EventDate "2007.07.23"]
[EventType "tourn"]
[EventRounds "9"]
[EventCountry "ARG"]
[EventCategory "2"]
[Source "lmi"]
[SourceDate "2007.07.23"]

1. e4 c5 2. Nf3 Nc6 3. d4 cxd4 4. Nxd4 Nf6 5. Nc3 d6 6. Bg5 e6 7. Qd2 a6 8.
O-O-O Bd7 9. f4 b5 10. Nxc6 Bxc6 11. e5 dxe5 12. Qxd8+ Rxd8 13. Rxd8+ Kxd8 14.
fxe5 h6 15. Bxf6+ gxf6 16. exf6 Rg8 17. Ne2 Bc5 18. Ng3 Rg6 19. Bd3 Be3+ 20.
Kb1 Rxf6 21. Rf1 Rxf1+ 22. Nxf1 Bg1 23. g4 Bf3 24. h3 Bg2 25. h4 Bf2 26. a4
bxa4 27. Bxa6 Bxh4 28. Be2 Bg5 29. Nh2 Bh3 30. Ka2 Bf4 31. Nf1 f5 32. gxf5 exf5
33. Ka3 Bg4 34. Bd3 h5 35. Kxa4 h4 36. Kb5 h3 37. Kc5 h2 38. Nxh2 Bxh2 39. b4
Kc7 40. Kd5 Bd6 41. c3 Bf3+ 42. Kc4 f4 43. Bf1 Be5 44. Kd3 Kd6 45. c4 Bb2 46.
Kc2 Bd4 47. Kd3 Ke5 48. Kd2 Bf2 49. Kd3 Be1 50. b5 Bf2 51. Kc3 Bc5 52. Kd3 Bg4
53. Bg2 f3 54. Bf1 Kf4 55. Kc3 Bf5 56. b6 Bxb6 57. Kb4 Ke3 58. c5 Bc7 59. c6
Bd3 60. Bh3 Bb6 0-1

[Event "11. Magistral República -Villa Martelli"]
[Site "Villa Martelli ARG"]
[Date "2007.07.24"]
[Round "2.4"]
[White "Scarella, Enrique"]
[Black "Aguilar, Andres"]
[Result "1-0"]
[WhiteElo "2344"]
[BlackElo "2264"]
[PlyCount "101"]
[EventDate "2007.07.23"]
[EventType "tourn"]
[EventRounds "9"]
[EventCountry "ARG"]
[EventCategory "2"]
[Source "lmi"]
[SourceDate "2007.07.23"]

1. Nf3 Nf6 2. c4 g6 3. Nc3 Bg7 4. g3 O-O 5. Bg2 d6 6. d4 Nbd7 7. O-O e5 8. Qc2
Qe7 9. Rd1 c6 10. b3 Re8 11. d5 c5 12. e4 Nh5 13. a3 Rf8 14. b4 b6 15. Rb1 h6
16. Bd2 Rb8 17. Nb5 Ra8 18. Bh3 a6 19. Nc3 Rb8 20. Be3 Nhf6 21. Ne1 Qd8 22. Nd3
Ne8 23. bxc5 bxc5 24. Rxb8 Nxb8 25. Bxc8 Qxc8 26. Rb1 Nf6 27. f3 Nh7 28. Rb6
Rd8 29. Qb2 f5 30. Nf2 Nf6 31. Rb7 Nbd7 32. Kg2 Qa8 33. Bd2 Rb8 34. Rxb8+ Qxb8
35. Qxb8+ Nxb8 36. exf5 gxf5 37. g4 fxg4 38. Nxg4 Nxg4 39. fxg4 Nd7 40. Ne4 Nb6
41. Nxd6 Bf6 42. Ba5 Na4 43. Nf5 Kf7 44. Kf3 Nb2 45. Ne3 Be7 46. Ke4 Bg5 47.
Bc3 Na4 48. Bxe5 Nb6 49. Bf4 Kf6 50. Bc7 Na4 51. Bd8+ 1-0

[Event "11. Magistral República -Villa Martelli"]
[Site "Villa Martelli ARG"]
[Date "2007.07.24"]
[Round "2.5"]
[White "Oliveira, Silvio Eduardo"]
[Black "Paglilla, Carlos"]
[Result "1-0"]
[WhiteElo "2261"]
[BlackElo "2367"]
[PlyCount "91"]
[EventDate "2007.07.23"]
[EventType "tourn"]
[EventRounds "9"]
[EventCountry "ARG"]
[EventCategory "2"]
[Source "lmi"]
[SourceDate "2007.07.23"]

1. e4 Nf6 2. e5 Nd5 3. d4 d6 4. Nf3 Nc6 5. c4 Nb6 6. e6 fxe6 7. Nc3 e5 8. d5
Nd4 9. Nxd4 exd4 10. Qxd4 e5 11. dxe6 Bxe6 12. Be3 Qf6 13. Qxf6 gxf6 14. b3 d5
15. c5 Nd7 16. Nb5 Kf7 17. Rc1 c6 18. Nc7 Rd8 19. Nxe6 Kxe6 20. Be2 Rg8 21. O-O
Ne5 22. Bd4 Bh6 23. f4 Nd7 24. Rce1 Kf7 25. Bh5+ Kf8 26. Re6 Kg7 27. Re7+ Kh8
28. b4 Rg7 29. Re6 Rgg8 30. g3 Bg7 31. Rfe1 f5 32. Bxg7+ Rxg7 33. Rd6 Rf8 34.
Ree6 a6 35. Kf2 Kg8 36. a4 Ra8 37. h3 Kf8 38. a5 Re7 39. g4 Rxe6 40. Rxe6 Rd8
41. gxf5 d4 42. f6 Rc8 43. f7 Kg7 44. Re8 Rc7 45. Rg8+ Kh6 46. Bg4 1-0

[Event "11. Magistral República -Villa Martelli"]
[Site "Villa Martelli ARG"]
[Date "2007.07.25"]
[Round "3.1"]
[White "Paglilla, Carlos"]
[Black "Ripari, Marcelo"]
[Result "1-0"]
[WhiteElo "2367"]
[BlackElo "2350"]
[PlyCount "107"]
[EventDate "2007.07.23"]
[EventType "tourn"]
[EventRounds "9"]
[EventCountry "ARG"]
[EventCategory "2"]
[Source "lmi"]
[SourceDate "2007.07.23"]

1. c4 Nf6 2. Nc3 d5 3. cxd5 Nxd5 4. g3 g6 5. Bg2 Nxc3 6. bxc3 Bg7 7. Rb1 Nd7 8.
Nf3 O-O 9. O-O Nb6 10. Qc2 Bd7 11. d3 Bc6 12. c4 e5 13. c5 Nd7 14. Bb2 Qe7 15.
Rfc1 Rfc8 16. Nd2 Bxg2 17. Kxg2 b6 18. Nb3 Qe6 19. Qc4 Qxc4 20. Rxc4 c6 21. f4
b5 22. Rc2 a5 23. fxe5 Nxe5 24. Bxe5 Bxe5 25. e3 f5 26. d4 Bc7 27. Kf3 Re8 28.
Nd2 Rad8 29. a4 b4 30. Nc4 Kg7 31. Ra2 h5 32. Ke2 Re4 33. Kd3 Kf6 34. Rf2 Kg5
35. Rf3 h4 36. gxh4+ Rxh4 37. h3 Kf6 38. Nd2 Rdh8 39. Rh1 Ke6 40. e4 fxe4+ 41.
Nxe4 Rd8 42. Rg1 Be5 43. Rxg6+ Ke7 44. Nd6 Rxd4+ 45. Ke3 R4xd6 46. cxd6+ Rxd6
47. Rxd6 Kxd6 48. Ke4 c5 49. Rf5 Bd4 50. Kd3 b3 51. Rf8 Kc7 52. h4 b2 53. Kc2
Kd7 54. Rb8 1-0

[Event "11. Magistral República -Villa Martelli"]
[Site "Villa Martelli ARG"]
[Date "2007.07.25"]
[Round "3.2"]
[White "Aguilar, Andres"]
[Black "Oliveira, Silvio Eduardo"]
[Result "1/2-1/2"]
[WhiteElo "2264"]
[BlackElo "2261"]
[PlyCount "85"]
[EventDate "2007.07.23"]
[EventType "tourn"]
[EventRounds "9"]
[EventCountry "ARG"]
[EventCategory "2"]
[Source "lmi"]
[SourceDate "2007.07.23"]

1. e4 c5 2. Nf3 d6 3. d4 cxd4 4. Nxd4 Nf6 5. Nc3 Nc6 6. Bc4 e6 7. Be3 Be7 8.
O-O O-O 9. Bb3 a6 10. f4 Nxd4 11. Bxd4 b5 12. e5 dxe5 13. fxe5 Nd7 14. Ne4 Bb7
15. Nd6 Bxd6 16. exd6 Qg5 17. Qe2 Rac8 18. Rad1 e5 19. Be3 Qg6 20. c3 Kh8 21.
a4 f5 22. axb5 axb5 23. Bd5 Bxd5 24. Rxd5 f4 25. Bc1 b4 26. c4 Rc6 27. c5 Rfc8
28. Rxe5 Nxe5 29. Qxe5 Rxc5 30. Qxf4 h6 31. d7 Rd8 32. Qxb4 Rc2 33. Bd2 Kh7 34.
Qd4 Rc7 35. Bc3 Rcxd7 36. Qa4 Rd3 37. Qc2 Kg8 38. Qb3+ Kh8 39. Qf7 Qg5 40. Qf4
Qc5+ 41. Qf2 Qg5 42. Qf4 Qc5+ 43. Qf2 1/2-1/2

[Event "11. Magistral República -Villa Martelli"]
[Site "Villa Martelli ARG"]
[Date "2007.07.25"]
[Round "3.3"]
[White "Larrea, Manuel"]
[Black "Scarella, Enrique"]
[Result "1/2-1/2"]
[WhiteElo "2324"]
[BlackElo "2344"]
[PlyCount "46"]
[EventDate "2007.07.23"]
[EventType "tourn"]
[EventRounds "9"]
[EventCountry "ARG"]
[EventCategory "2"]
[Source "lmi"]
[SourceDate "2007.07.23"]

1. e4 c5 2. Nc3 g6 3. f4 Bg7 4. Nf3 Nc6 5. Bc4 e6 6. f5 Nge7 7. fxe6 dxe6 8.
O-O O-O 9. d3 Na5 10. Bb3 Nxb3 11. axb3 e5 12. Be3 b6 13. Qd2 f6 14. Bh6 Be6
15. Rf2 Nc6 16. Raf1 Qd7 17. Ne2 Rad8 18. h3 b5 19. Bxg7 Kxg7 20. Qe3 c4 21.
bxc4 bxc4 22. dxc4 Bxc4 23. b3 Bxe2 1/2-1/2

[Event "11. Magistral República -Villa Martelli"]
[Site "Villa Martelli ARG"]
[Date "2007.07.25"]
[Round "3.4"]
[White "Della Morte, Pablo"]
[Black "Gattass, Allan"]
[Result "1/2-1/2"]
[WhiteElo "2283"]
[BlackElo "2203"]
[PlyCount "103"]
[EventDate "2007.07.23"]
[EventType "tourn"]
[EventRounds "9"]
[EventCountry "ARG"]
[EventCategory "2"]
[Source "lmi"]
[SourceDate "2007.07.23"]

1. e4 c5 2. Nc3 Nc6 3. Nf3 d6 4. d4 cxd4 5. Nxd4 Nf6 6. Bg5 e6 7. Qd2 a6 8.
O-O-O Bd7 9. f4 b5 10. e5 dxe5 11. fxe5 Nxe5 12. Qe1 h6 13. Qxe5 hxg5 14. Bd3
Qb8 15. Qxg5 Rh5 16. Qd2 g6 17. Kb1 Bh6 18. Qe2 Qf4 19. Rhf1 Qxd4 20. Be4 Qa7
21. Bxa8 Qxa8 22. Rxf6 Bg7 23. Ne4 Rd5 24. Rff1 f5 25. Ng5 Qc6 26. Rxd5 Qxd5
27. Rd1 Qe5 28. Qxe5 Bxe5 29. Nxe6 Bxh2 30. Nc5 Bc6 31. Nxa6 f4 32. Rd2 g5 33.
Nb4 Bb7 34. b3 g4 35. c4 bxc4 36. bxc4 Be4+ 37. Kb2 Bxg2 38. Rxg2 g3 39. Nc2 f3
40. Ne3 fxg2 41. Nxg2 Kd7 42. Kc3 Kc6 43. a4 Bg1 44. Kb4 Bc5+ 45. Kc3 Kd6 46.
Kd3 Ke5 47. a5 Bb4 48. a6 Bc5 49. Nh4 Kf4 50. Ke2 Ke4 51. Ng2 Kd4 52. Ne3
1/2-1/2

[Event "11. Magistral República -Villa Martelli"]
[Site "Villa Martelli ARG"]
[Date "2007.07.25"]
[Round "3.5"]
[White "Valiente, Cristobal"]
[Black "Barrionuevo, Pablo"]
[Result "1/2-1/2"]
[WhiteElo "2280"]
[BlackElo "2288"]
[PlyCount "30"]
[EventDate "2007.07.23"]
[EventType "tourn"]
[EventRounds "9"]
[EventCountry "ARG"]
[EventCategory "2"]
[Source "lmi"]
[SourceDate "2007.07.23"]

1. c4 Nf6 2. Nc3 e5 3. Nf3 Nc6 4. g3 Nd4 5. Bg2 Nxf3+ 6. Bxf3 Bb4 7. Qc2 c6 8.
O-O O-O 9. d3 h6 10. a3 Be7 11. e4 d6 12. Bg2 a5 13. h3 Nd7 14. Be3 Nc5 15. Ne2
Ne6 1/2-1/2

[Event "11. Magistral República -Villa Martelli"]
[Site "Villa Martelli ARG"]
[Date "2007.07.26"]
[Round "4.1"]
[White "Ripari, Marcelo"]
[Black "Barrionuevo, Pablo"]
[Result "0-1"]
[WhiteElo "2350"]
[BlackElo "2288"]
[PlyCount "28"]
[EventDate "2007.07.23"]
[EventType "tourn"]
[EventRounds "9"]
[EventCountry "ARG"]
[EventCategory "2"]
[Source "lmi"]
[SourceDate "2007.07.23"]

1. e4 d6 2. d4 Nf6 3. Nc3 g6 4. f4 Bg7 5. Nf3 O-O 6. Bd3 Na6 7. O-O c5 8. d5
Bg4 9. h3 Bxf3 10. Qxf3 Nb4 11. Nd1 c4 12. Bxc4 Nxc2 13. Rb1 Nd7 14. Ne3 Qb6
0-1

[Event "11. Magistral República -Villa Martelli"]
[Site "Villa Martelli ARG"]
[Date "2007.07.26"]
[Round "4.2"]
[White "Gattass, Allan"]
[Black "Valiente, Cristobal"]
[Result "1/2-1/2"]
[WhiteElo "2203"]
[BlackElo "2280"]
[PlyCount "20"]
[EventDate "2007.07.23"]
[EventType "tourn"]
[EventRounds "9"]
[EventCountry "ARG"]
[EventCategory "2"]
[Source "lmi"]
[SourceDate "2007.07.23"]

1. e4 c5 2. Nf3 Nc6 3. d4 cxd4 4. Nxd4 e6 5. Nb5 d6 6. c4 Nf6 7. N1c3 a6 8. Na3
Be7 9. Nc2 O-O 10. Be2 b6 1/2-1/2

[Event "11. Magistral República -Villa Martelli"]
[Site "Villa Martelli ARG"]
[Date "2007.07.26"]
[Round "4.3"]
[White "Scarella, Enrique"]
[Black "Della Morte, Pablo"]
[Result "0-1"]
[WhiteElo "2344"]
[BlackElo "2283"]
[PlyCount "76"]
[EventDate "2007.07.23"]
[EventType "tourn"]
[EventRounds "9"]
[EventCountry "ARG"]
[EventCategory "2"]
[Source "lmi"]
[SourceDate "2007.07.23"]

1. d4 Nf6 2. c4 g6 3. g3 Bg7 4. Bg2 O-O 5. Nf3 d6 6. O-O Nc6 7. Nc3 a6 8. h3
Bd7 9. e4 e5 10. Be3 exd4 11. Nxd4 Re8 12. Rc1 Qc8 13. g4 h5 14. f3 hxg4 15.
hxg4 Nh7 16. Nxc6 bxc6 17. c5 d5 18. Bd4 Bh6 19. exd5 cxd5 20. Nxd5 Bb5 21. Rf2
Bg5 22. Bc3 Qd7 23. Qd4 f6 24. f4 Bh4 25. Bf3 Bxf2+ 26. Kxf2 Rf8 27. Rh1 Rae8
28. c6 Bxc6 29. Qc4 Bxd5 30. Bxd5+ Kg7 31. g5 Rd8 32. Be6 Qd6 33. f5 Qb6+ 34.
Ke2 Qb7 35. Ke3 Qxh1 36. Qxc7+ Kh8 37. Bc4 Qg1+ 38. Kf3 Nxg5+ 0-1

[Event "11. Magistral República -Villa Martelli"]
[Site "Villa Martelli ARG"]
[Date "2007.07.26"]
[Round "4.4"]
[White "Oliveira, Silvio Eduardo"]
[Black "Larrea, Manuel"]
[Result "1/2-1/2"]
[WhiteElo "2261"]
[BlackElo "2324"]
[PlyCount "59"]
[EventDate "2007.07.23"]
[EventType "tourn"]
[EventRounds "9"]
[EventCountry "ARG"]
[EventCategory "2"]
[Source "lmi"]
[SourceDate "2007.07.23"]

1. e4 c5 2. Nf3 d6 3. d4 cxd4 4. Nxd4 e5 5. Bb5+ Nd7 6. Nf5 a6 7. Bxd7+ Qxd7 8.
Nc3 Nf6 9. Bg5 Nxe4 10. Nxg7+ Bxg7 11. Nxe4 O-O 12. Nf6+ Bxf6 13. Bxf6 Re8 14.
O-O Qe6 15. Qf3 Qf5 16. Qg3+ Qg6 17. f4 Qxg3 18. hxg3 Bg4 19. fxe5 dxe5 20.
Rae1 Re6 21. Rxe5 Rxe5 22. Bxe5 Re8 23. Bc3 Re2 24. Re1 Rxe1+ 25. Bxe1 Bf5 26.
c3 Bb1 27. a4 Bc2 28. a5 Kg7 29. g4 Bd1 30. g5 1/2-1/2

[Event "11. Magistral República -Villa Martelli"]
[Site "Villa Martelli ARG"]
[Date "2007.07.26"]
[Round "4.5"]
[White "Paglilla, Carlos"]
[Black "Aguilar, Andres"]
[Result "1-0"]
[WhiteElo "2367"]
[BlackElo "2264"]
[PlyCount "79"]
[EventDate "2007.07.23"]
[EventType "tourn"]
[EventRounds "9"]
[EventCountry "ARG"]
[EventCategory "2"]
[Source "lmi"]
[SourceDate "2007.07.23"]

1. c4 Nf6 2. Nc3 g6 3. g3 Bg7 4. Bg2 O-O 5. Rb1 e5 6. d3 a5 7. e4 d6 8. Nge2
Nc6 9. O-O Nh5 10. Bf3 Nf6 11. Bg2 Nd7 12. f4 f5 13. exf5 gxf5 14. fxe5 dxe5
15. Nd5 Kh8 16. a3 a4 17. Be3 Nf6 18. Nxf6 Bxf6 19. Nc3 Bg7 20. Nxa4 Nd4 21.
Nc3 c6 22. Ne2 c5 23. Nc3 Ra6 24. Nd5 Rg6 25. b4 f4 26. Bxd4 cxd4 27. gxf4 Bh3
28. Rb2 exf4 29. Nxf4 Rxf4 30. Rxf4 Qg5 31. Qf1 Be5 32. Re4 Qh5 33. Rxe5 Qxe5
34. Re2 Qd6 35. Qf3 Bg4 36. Re8+ Kg7 37. Qxb7+ Kh6 38. Re7 Qf4 39. Rxh7+ Kg5
40. h4+ 1-0

[Event "11. Magistral República -Villa Martelli"]
[Site "Villa Martelli ARG"]
[Date "2007.07.27"]
[Round "5.1"]
[White "Aguilar, Andres"]
[Black "Ripari, Marcelo"]
[Result "1/2-1/2"]
[WhiteElo "2264"]
[BlackElo "2350"]
[PlyCount "23"]
[EventDate "2007.07.23"]
[EventType "tourn"]
[EventRounds "9"]
[EventCountry "ARG"]
[EventCategory "2"]
[Source "lmi"]
[SourceDate "2007.07.23"]

1. e4 c5 2. Nf3 e6 3. d4 cxd4 4. Nxd4 Nf6 5. Nc3 Nc6 6. g3 d5 7. exd5 Nxd5 8.
Bg2 Ndb4 9. Nxc6 Qxd1+ 10. Kxd1 bxc6 11. a3 Nd5 12. Nxd5 1/2-1/2

[Event "11. Magistral República -Villa Martelli"]
[Site "Villa Martelli ARG"]
[Date "2007.07.27"]
[Round "5.2"]
[White "Larrea, Manuel"]
[Black "Paglilla, Carlos"]
[Result "0-1"]
[WhiteElo "2324"]
[BlackElo "2367"]
[PlyCount "84"]
[EventDate "2007.07.23"]
[EventType "tourn"]
[EventRounds "9"]
[EventCountry "ARG"]
[EventCategory "2"]
[Source "lmi"]
[SourceDate "2007.07.23"]

1. e4 c5 2. Nf3 Nc6 3. d4 cxd4 4. Nxd4 Qc7 5. Nc3 e6 6. Be3 Nf6 7. g3 a6 8. Bg2
Be7 9. O-O O-O 10. a4 Ne5 11. Nb3 Nc4 12. Bc1 d6 13. a5 Bd7 14. f4 b5 15. axb6
Qxb6+ 16. Kh1 Rac8 17. g4 Bc6 18. g5 Nd7 19. Rf3 Rfe8 20. Nd4 Bb7 21. b3 Na5
22. Rh3 g6 23. Bb2 Bf8 24. Na4 Qc7 25. c4 Bg7 26. Qe1 e5 27. Ne2 Nf8 28. f5
gxf5 29. exf5 Bxg2+ 30. Kxg2 Nxb3 31. Rxb3 Qxc4 32. Re3 Qg4+ 33. Qg3 Qxf5 34.
Rf1 Qd7 35. Ra3 Rc2 36. Rf2 Qb7+ 37. Qf3 e4 38. Qb3 Qxb3 39. Rxb3 e3 40. Rf3
Rxe2+ 41. Kg3 Bxb2 42. Nxb2 Rxb2 0-1

[Event "11. Magistral República -Villa Martelli"]
[Site "Villa Martelli ARG"]
[Date "2007.07.27"]
[Round "5.3"]
[White "Della Morte, Pablo"]
[Black "Oliveira, Silvio Eduardo"]
[Result "0-1"]
[WhiteElo "2283"]
[BlackElo "2261"]
[PlyCount "76"]
[EventDate "2007.07.23"]
[EventType "tourn"]
[EventRounds "9"]
[EventCountry "ARG"]
[EventCategory "2"]
[Source "lmi"]
[SourceDate "2007.07.23"]

1. e4 c5 2. Nf3 d6 3. d4 cxd4 4. Nxd4 Nf6 5. Nc3 Nc6 6. f3 e6 7. Be3 Be7 8. Qd2
O-O 9. O-O-O d5 10. Qe1 e5 11. Nxc6 bxc6 12. exd5 Nxd5 13. Bc4 Be6 14. Bb3 Qc7
15. Bd2 a5 16. Na4 Rfe8 17. a3 Reb8 18. Qe2 Nb6 19. Bxe6 Nxa4 20. Bxf7+ Kh8 21.
Bb3 Nxb2 22. Kxb2 a4 23. Ra1 axb3 24. cxb3 Qb6 25. Qc4 Qf2 26. Qc2 Bc5 27. b4
Qxg2 28. Qxc5 Qxd2+ 29. Qc2 Qd4+ 30. Qc3 Qf2+ 31. Kb3 Rf8 32. Rhf1 Qxh2 33.
Qxc6 Rac8 34. Qe4 Qd2 35. Rh1 Rc3+ 36. Ka4 Qd7+ 37. b5 Rf4 38. Rxh7+ Kg8 0-1

[Event "11. Magistral República -Villa Martelli"]
[Site "Villa Martelli ARG"]
[Date "2007.07.27"]
[Round "5.5"]
[White "Barrionuevo, Pablo"]
[Black "Gattass, Allan"]
[Result "1-0"]
[WhiteElo "2288"]
[BlackElo "2203"]
[PlyCount "117"]
[EventDate "2007.07.23"]
[EventType "tourn"]
[EventRounds "9"]
[EventCountry "ARG"]
[EventCategory "2"]
[Source "lmi"]
[SourceDate "2007.07.23"]

1. e4 c5 2. Nc3 e6 3. f4 Nc6 4. Nf3 d5 5. Bb5 Nf6 6. e5 Nd7 7. Bxc6 bxc6 8. d3
Be7 9. O-O O-O 10. Re1 f6 11. b3 fxe5 12. fxe5 Rf5 13. Bd2 Qf8 14. Rf1 Bd8 15.
Qe2 Bc7 16. g4 Rf7 17. Ng5 Rxf1+ 18. Rxf1 Qe7 19. Nf3 Bb7 20. Bf4 Rf8 21. Bg3
Qe8 22. h3 h5 23. Nd1 Qg6 24. Nf2 hxg4 25. hxg4 c4 26. dxc4 Bb6 27. Nh4 Qh7 28.
Qd3 Qxd3 29. cxd3 g5 30. Ng2 Rf3 31. Kh2 Bd4 32. Ne1 Rf7 33. Kg1 Nxe5 34. Bxe5
Bxe5 35. Nh3 Bd4+ 36. Kg2 Rg7 37. Nf3 Be3 38. Re1 d4 39. c5 Bc8 40. Ne5 Rb7 41.
Nc4 Rb5 42. Nd6 Rb8 43. Nf2 Ba6 44. Nd1 Bf4 45. Nf2 e5 46. Rh1 Be3 47. Nde4 Kg7
48. Rh3 Rf8 49. Rf3 Rf4 50. Rxf4 gxf4 51. Kf3 Kf7 52. Ke2 Bc1 53. Ng5+ Kg6 54.
Nf3 Kf6 55. Ne4+ Ke6 56. g5 Ba3 57. g6 Bb5 58. Nfg5+ Kd7 59. g7 1-0